000 01145nam a2200313 i 4500
003 EG-ScBUE
005 20241218091950.0
008 150611r20082000enka f b f001 0 eng d
020 _a0521050928
020 _a9780521050920
040 _aEG-ScBUE
_beng
_erda
_cEG-ScBUE
_dEG-ScBUE
082 0 4 _222
_bSAS
_a523.112
100 1 _aSaslaw, William C.,
_eauthor.
_938179
245 1 4 _aThe distribution of the galaxies :
_bgravitational clustering in cosmology /
_cWilliam C. Saslaw, University of Cambridge, University of Virginia, National Radio Astronomy Observatory, USA.
264 1 _aCambridge ;
_aNew York :
_bCambridge University Press,
_c2008.
300 _axii, 508 pages :
_billustrations ;
_c24 cm
336 _2rdacontent
_atext
_btxt
337 _2rdamedia
_aunmediated
_bn
338 _2rdacarrier
_avolume
_bnc
500 _aReprint of the 2000 ed.
504 _aIncludes bibliographical references and index.
650 7 _aGalaxies
_xClusters.
_2BUEsh
650 7 _aGravitation.
_2BUEsh
_924444
650 7 _aAstrophysics.
_2BUEsh
651 _2BUEsh
653 _bENGGEN
_cJune2015
655 _vReading book
942 _2ddc
_cBB
999 _c19612
_d19584